| 000 | 01869nam1a2200301 i 4500 | ||
|---|---|---|---|
| 001 | RU\NLR\BIBL_A\012777070 | ||
| 005 | 20260409071409.0 | ||
| 010 | _a9785929319488 | ||
| 035 | _a(NLR Aleph) 012777070 | ||
| 090 |
_a13111424 _c13111424 |
||
| 100 | _a20220429g2021 um y0rusy50 ca | ||
| 101 | 0 | _arus | |
| 102 | _aRU | ||
| 105 | _a||||j|||||||| | ||
| 181 | 0 |
_ai3 _baxxe |
|
| 182 | 0 | _an | |
| 200 | 1 |
_aМетодика обучения математике: общая методика _eучебно-методическое пособие _eдля студентов, обучающихся по направлениям подготовки 44.03.05 Педагогическое образование, профиль "Математика и информатика", 44.03.01 Педагогическое образование, профиль "Математическое образование" _fГ.Д. Тонких _gМинистерство образования и науки Российской Федерации, Федеральное государственное бюджетное образовательное учреждение высшего образования "Забайкальский государственные университет" |
|
| 203 |
_aТекст _bвизуальный _cнепосредственный |
||
| 205 | _a2-е изд., испр. и доп. | ||
| 210 |
_aЧита _cЗабГУ _d2021 |
||
| 215 | _d20 | ||
| 606 |
_aМатематика _jУчебные издания для высших учебных заведений _xПреподавание _xСредняя школа _91523244 _3RU\NLR\AUTH\66662481 |
||
| 686 | 1 | _aЧ426.24я73 | |
| 700 | 1 |
_aТонких _bГ. Д. _gГалина Дмитриевна |
|
| 852 |
_aNLR _j2022-3/11551 |
||
| 942 | _cBOOK | ||